Fallout 4: All guns - Statistics

General Stats
  • This quiz has been taken 124 times
    103 since last reset
  • The average score is 13 of 40
Answer Stats
Hint Answer % Correct
Ballistic 10mm pistol
75%
Explosive Fat man
73%
Ballistic Combat rifle
66%
Ballistic Combat shotgun
66%
Ballistic Minigun
64%
Ballistic Assault rifle
61%
Ballistic Hunting rifle
56%
Explosive Missile launcher
54%
Ballistic Pipe gun
49%
Ballistic Double-barrel shotgun
48%
Energy Laser gun
48%
Ballistic .44 pistol
45%
Radiation Gamma gun
42%
Energy Plasma gun
40%
Energy Gatling laser
38%
Energy Institute laser
36%
Energy Laser musket
35%
Ballistic Pipe revolver
35%
Ballistic Submachine gun
35%
Ballistic Deliverer
34%
Energy Flamer
32%
Ballistic Gauss rifle
32%
Ballistic Junk jet
28%
Ballistic Handmade rifle
27%
Ballistic Lever-action rifle
25%
Ballistic Radium rifle
22%
Explosive Broadsider
21%
Ballistic Harpoon gun
20%
Energy Cryolator
16%
Ballistic Syringer
15%
Ballistic Pipe bolt-action gun
14%
Other Acid soaker
12%
Ballistic Railway rifle
12%
Energy Tesla rifle
11%
Other Thirst zapper
11%
Ballistic Flare gun
9%
Energy Salvaged assaultron head
9%
Ballistic Western revolver
8%
Energy Alien blaster pistol
7%
Other Paddle ball
5%
No matching quizzes found
Score Distribution
Percent of People with Each Score
Percentile by Number Answered
Your Score History
You have not taken this quiz since the last reset